Statistics for Players With 500 Premier League Appearances

Click here to take the quiz!

General Stats

  • This quiz has been taken 31 times
  • The average score is 7 of 12

Answer Stats

Answer% Correct
Ryan Giggs
100%
Steven Gerrard
100%
Frank Lampard
85%
Jamie Carragher
85%
Gareth Barry
67%
Phil Neville
67%
Rio Ferdinand
67%
David James
44%
Gary Speed
30%
Emile Heskey
26%
Mark Schwarzer
22%
Sol Campbell
11%

Score Distribution

Percentile by Number Answered

Percent of People with Each Score

Your Score History

You have not taken this quiz